Abeceda výživy a hnojení technické cukrovky

Bibliographic Details
Main Author: Baier, Jan (Author)
Format: Article
Language:Slovak
Czech
PhysicalDescription:Obr. 4. Tb. 5.
Subjects:

MARC

LEADER 00000nab a2200000 a 4500
001 vtls000017554
003 SK-MaSNL
005 20260304064444.0
008 250422c1978 xo 0 slo
015 |a SNBRB19rr/mm-uuuuu 
035 |a CL0027648 
035 |a urn:nbn:sk:snk-abb7bo 
035 |a (urnnbn)urn:nbn:sk:snk:ar-0060k5 
035 |a (uuid)13430e5c-0c53-402c-80db-3428249b1742 
040 |a SNKBUCL  |b slo  |c SNKBUCL  |e AACR2 
041 0 |a cze 
044 |a xo  |c SK 
080 |a 631.8  |2 1981 
080 |a 633.6  |2 1981 
100 1 |a Baier, Jan  |4 aut  |9 568128 
245 1 0 |a Abeceda výživy a hnojení technické cukrovky  |c Jan Baier 
300 |b Obr. 4. Tb. 5. 
650 0 7 |a cukrová repa  |2 snkbucl  |9 81965 
650 0 7 |a hnojenie  |2 snkbucl  |9 14850 
655 7 |a články z novín a časopisov  |2 snkbucl  |9 267496 
773 0 |t Agrochémia  |g Roč. 18, č. 11 (1978), s. 1-3 
850 |a Slovenská národná knižnica 
852 |a Slovenská národná knižnica 
954 |a odborná, vedecká literatúra cudzojazyčná (svetová)  |2 lita 
954 |a odborná, vedecká literatúra pôvodná (slovenská)  |2 lita 
958 |a article15 
958 |a OND 
958 |a RK 
958 |a CZ 
958 |a EUIPO 
992 |a RBX 
999 |c 2746439  |d 2748369